তাজউদ্দীন আহমদ : আলোকের অনন্তধারা, প্রথম খণ্ড /
Contributed articles on the life of Tājauddina Āhamada, 1925-1975, politician and first Prime Minister of Bangladesh.
| Kolejni autorzy: | |
|---|---|
| Format: | Książka |
| Język: | Bengali English |
| Wydane: |
ঢাকা :
প্রতিভাস,
২০০৬ [দ্বিতীয় মুদ্রণ ২০০৯].
|
| Hasła przedmiotowe: | |
| Classic Catalogue: | View this record in Classic Catalogue |
| LEADER | 01933nam a2200397 i 4500 | ||
|---|---|---|---|
| 001 | 38873 | ||
| 003 | BD-DhAAL | ||
| 008 | 220810r20092006bg a 000 0bben d | ||
| 999 | |c 44813 |d 44813 | ||
| 010 | |a 2015357571 | ||
| 020 | |a 9847650055 (v. 1) | ||
| 025 | |a B-B-2015357571 | ||
| 035 | |a (MFDhaka) 2015357571 | ||
| 037 | |b Library of Congress -- New Delhi Overseas Office | ||
| 040 | |a DLC |b eng |e rda |c DLC |d DLC |d BD-DhAAL | ||
| 041 | 0 | |a ben |a eng | |
| 042 | |a lcode |a pcc | ||
| 043 | |a a-bg--- | ||
| 050 | 0 | 0 | |a DS395.7.A34 |b T34 2012 |
| 082 | |a 954.9205092 |2 23 | ||
| 245 | 0 | 0 | |a তাজউদ্দীন আহমদ : |b আলোকের অনন্তধারা, |n প্রথম খণ্ড / |c গ্রন্থনা ও সম্পাদনা সিমিন হোসেন রিমি. |
| 246 | 3 | 1 | |a Tajuddin Ahmad : |b aloker anantadhara |
| 264 | 1 | |a ঢাকা : |b প্রতিভাস, |c ২০০৬ [দ্বিতীয় মুদ্রণ ২০০৯]. | |
| 300 | |a ৪৫৬ পৃষ্ঠা : |b চিত্র ; |c ২২ সে.মি. | ||
| 362 | |a Vol. 1 | ||
| 520 | |a Contributed articles on the life of Tājauddina Āhamada, 1925-1975, politician and first Prime Minister of Bangladesh. | ||
| 541 | |a Donated By Akbar Ali Khan |e 38873 | ||
| 546 | |a In Bengali; includes passages in English. | ||
| 600 | 1 | 0 | |a Ahmad, Tajuddin, |d 1925-1975. |9 50747 |
| 650 | 0 | |a Politicians |z Bangladesh |v Biography. |9 50748 | |
| 650 | 0 | |a Prime ministers |z Bangladesh |v Biography. |9 50749 | |
| 651 | 0 | |a Bangladesh |x Politics and government |y 1971- |9 50750 | |
| 700 | 1 | |a রিমি, সিমিন হোসেন, |d ১৯৬১- |9 50751 | |
| 852 | |a Ayesha Abed Library |c Akbar Ali Khan Collection | ||
| 942 | |2 ddc |c BK | ||
| 952 | |0 0 |1 0 |2 ddc |4 0 |6 954_920509200000000_TAJ |7 1 |9 71645 |a BRACUL |b BRACUL |c AAKC |d 2022-08-10 |e Donated by Akbar Ali Khan |l 1 |o 954.9205092 TAJ |p 3010038873 |r 2024-03-30 |s 2024-03-30 |t 1 |w 2022-08-10 |y BK | ||